Chansons interprétées par un Michel - Mort subite - Statistiques

Statistiques générales
  • Ce quiz a été pris 900 fois
  • Le résultat moyen est 7 sur 15
Answers on the Grid
Answers color-coded by a green-red scale on the quiz's grid according to % correct below.
Les lacs du Connemara
Le mec plus ultra
La boîte de jazz
Le Loir et Cher
Le paradis blanc
Fais comme l'oiseau
La ballade des gens heureux
Ai se eu te pego
On ira tous au paradis
Joueur de blues
La java de Broadway
Une belle histoire
Lettre à France
Pour un flirt
La groupie du pianiste
Le jazz et la java
Une autre histoire
Je marche seul
Allumez le feu
L'oiseau et l'enfant
La maladie d'amour
Casser la voix
En feu
Papaoutai
Sapés comme jamais
Magnolias for ever
La dernière séance
J'ai cherché
Le Sud
Color gitano
 
Statistiques - réponses
Réponse % Correct
Les lacs du Connemara
67%
Le paradis blanc
63%
La groupie du pianiste
62%
La java de Broadway
62%
La maladie d'amour
59%
Pour un flirt
56%
Lettre à France
53%
On ira tous au paradis
53%
Le Loir et Cher
48%
La boîte de jazz
44%
Une belle histoire
43%
Fais comme l'oiseau
39%
Joueur de blues
32%
Ai se eu te pego
28%
Le mec plus ultra
13%
Aucun quiz correspondant
Distribution des résultats
% des personnes avec chaque résultat
Percentile par nombre de réponses
Votre historique - résultats
Vous n’avez pas pris ce quiz